000 00317nam a22001337a 4500
008 181015b xxu||||| |||| 00| 0 eng d
020 _a9780898627640
041 _aeng
080 _a370
100 _a49
101 _aEDU
245 _aCognitive Behavioral Therapy wITH Children
_cLauren.B
942 _2udc
_cBK
999 _c49792
_d49792